Statistiken für Länder, die Australien am Nächsten Liegen

Klicken Sie hier um das Quiz zu spielen!

Allgemein

  • Dieses Quiz wurde 12.860 mal gespielt
  • Das Durchschnittsergebnis liegt bei 15 aus 20

Antwortstatistiken

KmLand% Korrekt
1303Neuseeland
99%
123Indonesien
94%
4Papua-Neuguinea
85%
2591Fidschi
81%
2250Malaysia
80%
3391Thailand
76%
1778Mikronesien
74%
1920Philippinen
74%
2798Singapur
74%
3199Tuvalu
71%
3266Marshallinseln
69%
1744Vanuatu
69%
3413Vietnam
69%
461Timor-Leste
68%
3228Tonga
68%
1995Palau
67%
1391Salomonen
67%
3086Kiribati
65%
2863Nauru
65%
2355Brunei
59%

Verteilung der Resultate

Perzentil nach korrekt beantworteten Fragen

Anzahl Personen mit jedem Resultat

Ihre Resultats-Entwicklung

Sie haben dieses Quiz noch nicht gespielt